MESTSKÁ KNIŽNICA GIRALTOVCE  - online katalóg 

Klenotnice podzemia ; Anton Lucinkiewicz, Marián Mendrej, Miroslav Eliáš (Record no. 19686)

000 -NÁVESTIE
fixed length control field 00835nam a2200253 a 4500
008 - ÚDAJE S PEVNOU DĹŽKOU – VŠEOBECNÉ INFORMÁCIE
fixed length control field 960406s1986||||[C 0 slo c
020 ## - MEDZINÁRODNÉ ŠTANDARDNÉ ČÍSLO KNIHY (ISBN)
Údaje o dostupnosti 13 Kčs.
040 ## - ZDROJ KATALOGIZÁCIE
Pôvodná katalogizujúca agentúra SNK
Jazyk katalogizácie slo
Prepisujúca agentúra SNK
Konvencie popisu AACR2
041 1# - KÓD JAZYKA
Kód jazyka textu/zvukovej stopy alebo samostatných nápisov slo
080 ## - ČÍSLO MEDZINÁRODNÉHO DESATINNÉHO TRIEDENIA (MDT)
Číslo Medzinárodného desatinného triedenia (MDT) 908.437.6:551.44(083.9)=00
080 ## - ČÍSLO MEDZINÁRODNÉHO DESATINNÉHO TRIEDENIA (MDT)
Číslo Medzinárodného desatinného triedenia (MDT) 551.44(083.9)=00
080 ## - ČÍSLO MEDZINÁRODNÉHO DESATINNÉHO TRIEDENIA (MDT)
Číslo Medzinárodného desatinného triedenia (MDT) 551.44
044 ## - KÓD KRAJINY VYDAVATEĽA/PRODUCENTA
Kód krajiny MARC xo
Kód krajiny ISO SK
245 10 - NÁZOV
Názov Klenotnice podzemia ; Anton Lucinkiewicz, Marián Mendrej, Miroslav Eliáš
250 ## - ÚDAJ O PORADÍ VYDANIA
Údaj o poradí vydania 1., vyd.
260 ## - VYDAVATEĽSKÉ ÚDAJE, DISTRIBÚCIA ATĎ.
Miesto publikovania, distribúcie atď. Liptovský Mikuláš
-- S.l.
Názov vydavateľa, distibútora atď. Osveta
Dátum publikovania, distribúcie atď. 1986
Miesto výroby Martin
Výrobca Tlačiarne SNP
300 ## - FYZICKÝ POPIS
Rozsah 48 s.
Rozmery 21x21 cm.
500 ## - VŠEOBECNÁ POZNÁMKA
Formátovaná poznámka o obsahu Katalóg. Text aj rus., nem., angl., maď.
500 ## - VŠEOBECNÁ POZNÁMKA
Formátovaná poznámka o obsahu Text a graf. úpr. Anton Lucinkiewicz. Fot. Marián Mendrej, Miroslav Eliáš.
700 1# - PRIDANÝ VSTUP – OSOBNÉ MENO
Osobné meno Lucinkiewicz, Anton
Kód roly oth
700 1# - PRIDANÝ VSTUP – OSOBNÉ MENO
Osobné meno Mendrej, Marián
Kód roly oth
700 1# - PRIDANÝ VSTUP – OSOBNÉ MENO
Osobné meno Eliáš, Miroslav
Kód roly oth
958 ## - Formálny deskriptor
Formálny deskriptor EKI
Holdings
Stav stiahnutia (Blokovanie) (Withrawn status) Stav straty Stav poškodenia (Damaged status) Nie pre výpožičky (Not for loan) Spôsob nadobudnutia (Collection code) Trvalé umiestnenie Aktuálne umiestnenie Dátum nadobudnutia Náklady, bežná kúpna cena Inventárne číslo (prírastkové číslo) Full call number Dátum posledného výskytu Cena s účinnosťou od Typ jednotky Koha
        Kúpa Mestská knižnica Giraltovce Mestská knižnica Giraltovce 2019-11-29 13.00 18202 I 1505 2019-11-29 2019-11-29 Odborná literatúra pre dospelých

Powered by Koha